00560nam a2200229Ia 450000500170000000800460001702000180006303700100008104000080009104000080009904000080010704100080011504100080012308400080013110000200013924500580015926000220021726000220023926000090026165000120027085600480028220260121125013.0008 260114s9999 xx 000 0 eng d a9780691236698 aEBOOK aCRL beng cCRL 2eng aeng qCRL aClaeys, Gregory 0aUtopianism for a Dying Planet: Life after Consumerism bWalter de Gruyter bWalter de Gruyter c2022 aHistory uhttp://www.degruyter.com/isbn/9780691236698